| 000 | 00603nam a2200217Ia 4500 | ||
|---|---|---|---|
| 005 | 20241129110244.0 | ||
| 008 | 241129s9999||||xx |||||||||||||| ||und|| | ||
| 020 | _a978-93-80934-55-6 | ||
| 037 | _aTB | ||
| 040 |
_aARTS _beng _cARTS |
||
| 041 |
_aeng _2urd |
||
| 084 |
_aY:1.5 168Q2;Q9 _qARTS |
||
| 100 |
_aPosh Yousuf Khan Au. _9727587 |
||
| 245 | 0 |
_aTareekh-e-Yousufi _cPosh Yousuf Khan Au. |
|
| 260 |
_aDelhi, India _bM. R. Publications _c2019 |
||
| 300 | _a339p. | ||
| 365 |
_aINR _b675 |
||
| 650 | _aSociologyCulture | ||
| 942 |
_cTB _hY:1.5 168Q2;Q9 |
||
| 999 |
_c1227912 _d1227912 |
||